| 000 | 01160nam a2200229Ia 4500 | ||
|---|---|---|---|
| 999 |
_c39566 _d39566 |
||
| 001 | 6165 | ||
| 003 | GE_BSU | ||
| 005 | 20191218115704.0 | ||
| 008 | 181216s1984||||g |||||||||||||| ||ge || | ||
| 040 | _cGE_BSU | ||
| 041 | _ageo | ||
| 080 | _a821.353.1-31 გ-42 | ||
| 100 |
_aგეწაძე, აკაკი. _95853 |
||
| 245 |
_aარ მოკვდე სიკვდილამდე ანუ წუთისოფლის შავ-თეთრი კრიალოსანი : _bრომანი / _cაკაკი გეწაძე ; რედ. ე. ფალიანი ; მხატვ. გ. ქლიბაძე. |
||
| 264 |
_aთბილისი : _bსაბჭ. საქართველო, _c1984. |
||
| 300 |
_a671 გვ. ; _c22 სმ. |
||
| 653 | _aარ მოკვდე სიკვდილამდე ანუ წუთისოფლის შავ-თეთრი კრიალოსანი | ||
| 653 | _aრომანი | ||
| 700 |
_aფალიანი, ე. _eრედაქტორი _94048 |
||
| 700 |
_aქლიბაძე. გ. _eმხატვარი _95856 |
||
| 942 |
_cBK _2udc |
||